000 00631nam a2200241Ia 4500
003 OSt
005 20220924114642.0
006 a|||||r|||| 00| 0
007 ta
008 220923b |||||||| |||| 00| 0 kan d
024 _a46536
037 _cTextual
040 _aARTS
_cARTS
_bkan
041 _2kan
_akan
082 _aO33,1DPAw, 111K7
100 _aSitaramiah V
_9121221
245 0 _aMahakavi Pampa
260 _aBombay
_bPopular
_c1967
300 _avi, 245p.
_ccm.
650 _aKANNAD LITERATURE
942 _hO33,1DPAw, 111K7
_cTEXL
_2CC
999 _c394649
_d394649